| 000 | 00539nam a22001937a 4500 | ||
|---|---|---|---|
| 003 | OSt | ||
| 005 | 20140310181714.0 | ||
| 008 | 121213t xxu||||| |||| 00| 0 eng d | ||
| 020 | _a9789715064620 | ||
| 050 |
_aPL 5539 _b.H632 2008 |
||
| 082 |
_aFIL 808.84 _bH53 2008 |
||
| 100 | _aHidalgo, Cristina Pantoja | ||
| 245 |
_aPassages : selected travel essays / _cCristina Pantoja Hidalgo. |
||
| 260 |
_aManila : _bUST Publishing House, _c c2008. |
||
| 300 |
_a180 p. ; _c23 cm. |
||
| 650 | _aEssays | ||
| 942 |
_2lcc _cBK |
||
| 999 |
_c1688 _d1688 |
||